Quality systems and standards for a competitive edge

Bibliographic Details
Other Authors: Guasch, J. Luis.
Format: Electronic eBook
Language:English
Published: Washington, D.C. : World Bank, c2007.
Series:Directions in development (Washington, D.C.). Trade.
Subjects:
Online Access:Click to View
LEADER 01474nam a2200409Ia 4500
001 EBC459492
003 MiAaPQ
005 20200520144314.0
006 m o d |
007 cr cn|||||||||
008 061207s2007 dcua sb i001 0 eng d
010 |z  2006100909 
020 |z 9780821368947 
020 |z 082136894X 
020 |z 0821368958 
020 |z 9780821368954 
035 |a (MiAaPQ)EBC459492 
035 |a (Au-PeEL)EBL459492 
035 |a (CaPaEBR)ebr10180748 
035 |a (CaONFJC)MIL94042 
035 |a (OCoLC)170083691 
040 |a MiAaPQ  |c MiAaPQ  |d MiAaPQ 
050 4 |a TS156  |b .Q366 2007 
245 0 0 |a Quality systems and standards for a competitive edge  |h [electronic resource] /  |c J. Luis Guasch ... [et al.]. 
260 |a Washington, D.C. :  |b World Bank,  |c c2007. 
300 |a xxvii, 289 p. :  |b ill. 
490 1 |a Directions in development. Trade 
504 |a Includes bibliographical references and index. 
533 |a Electronic reproduction. Ann Arbor, MI : ProQuest, 2015. Available via World Wide Web. Access may be limited to ProQuest affiliated libraries. 
650 0 |a Quality control. 
650 0 |a Quality control  |x Standards. 
650 0 |a Competition, International. 
650 0 |a Poverty. 
655 4 |a Electronic books. 
700 1 |a Guasch, J. Luis. 
830 0 |a Directions in development (Washington, D.C.).  |p Trade. 
856 4 0 |u https://ebookcentral.proquest.com/lib/matrademy/detail.action?docID=459492  |z Click to View